Le juge et le philosophe : Essais sur le nouvel âge du droit (notice n° 1566121)

détails MARC
000 -LEADER
fixed length control field 01255cam a2200133 4500500
005 - DATE AND TIME OF LATEST TRANSACTION
control field 20251214001353.0
041 ## - LANGUAGE CODE
Language code of text/sound track or separate title fre
042 ## - AUTHENTICATION CODE
Authentication code dc
100 10 - MAIN ENTRY--PERSONAL NAME
Personal name Raynaud, Philippe
Relator term author
245 00 - TITLE STATEMENT
Title Le juge et le philosophe : Essais sur le nouvel âge du droit
260 ## - PUBLICATION, DISTRIBUTION, ETC.
Name of publisher, distributor, etc. Armand Colin,<br/>
Date of publication, distribution, etc. 2020.<br/>
520 ## - SUMMARY, ETC.
Summary, etc. Sommes-nous entrés dans un nouvel âge du droit ? L’échec des idéologies qui ont endeuillé le XXe  siècle en niant le droit, ou en l’instrumentalisant au service de la violence (de classe, de race, d’État), a conduit à la reconnaissance de la valeur absolue des droits de l’homme et de l’État de droit. Ce tournant a eu des effets profonds et durables, mais il fait apparaître de nouveaux défis. Dans l’ordre interne, le progrès du droit semble incontestable, mais le sentiment de l’impuissance du politique n’a sans doute jamais été aussi fort ; quant au système international, l’idée d’un effacement des logiques de puissance devant le règne du droit est fortement remise en question par les nouveaux conflits. Quelle place occupera le droit dans la démocratie au XXIe  siècle ?
856 41 - ELECTRONIC LOCATION AND ACCESS
Uniform Resource Identifier <a href="https://droit.cairn.info/le-juge-et-le-philosophe--9782200628901?lang=fr&redirect-ssocas=7080">https://droit.cairn.info/le-juge-et-le-philosophe--9782200628901?lang=fr&redirect-ssocas=7080</a>

Pas d'exemplaire disponible.

PLUDOC

PLUDOC est la plateforme unique et centralisée de gestion des bibliothèques physiques et numériques de Guinée administré par le CEDUST. Elle est la plus grande base de données de ressources documentaires pour les Étudiants, Enseignants chercheurs et Chercheurs de Guinée.

Adresse

627 919 101/664 919 101

25 boulevard du commerce
Kaloum, Conakry, Guinée

Réseaux sociaux

Powered by Netsen Group @ 2025